Normal view
MARC view
- Goralski, Walter
Entry Personal Name
001 - CONTROL NUMBER
- control field: 69312
003 - CONTROL NUMBER IDENTIFIER
- control field: NUST
005 - DATE AND TIME OF LATEST TRANSACTION
- control field: 20210628204219.0
008 - FIXED-LENGTH DATA ELEMENTS
- fixed length control field: 210628|| aca||aabn | a|a d
040 ## - CATALOGING SOURCE
- Original cataloging agency: NUST
- Transcribing agency: NUST
100 ## - HEADING--PERSONAL NAME
- Personal name: Goralski, Walter
670 ## - SOURCE DATA FOUND
- Source citation: Work cat.: (NUST): Goralski, Walter, IP telephony, 2000
